000 00461nam a2200169Ia 4500
008 240729s9999 xx 000 0 und d
022 _a1880-5779
245 0 _aGenes & Genetic Systems
260 _aJapan
260 _bThe Genetics Society of Japan
650 _a Biology (General) | Medicine
650 _a Medicine (General)
650 _aScience
856 _uhttps://doaj.org/toc/ac2d514d2a284b0b914b7031fec2bb6d
942 _2ddc
942 _cDOAJEJ
999 _c73086
_d73086
945 _a1
_bMadushi Gamage
_c1
_dMadushi Gamage